000 00656nam a2200265Ia 4500
005 20260121170225.0
008 008 260114s9999 xx 000 0 eng d
020 _a9789811057144
037 _aEBOOK
040 _aCRL
040 _beng
040 _cCRL
041 _2eng
041 _aeng
084 _qCRL
100 _aVijay P Singh, Shalini Yadav, Ram Narayan Yadava
_91061298
245 0 _aClimate Change Impacts
260 _bSpringer
260 _bSpringer
260 _c2018
856 _uhttps://link.springer.com/openurl?genre=book&isbn=978-981-10-5714-4
942 _cEBOOK
999 _c1627027
_d1627027